|
|
|
|
| LEADER |
00721nam a2200217 i 4500 |
| 008 |
771013s1977 enk 001 0 eng |
| 010 |
|
|
|a 77372432
|
| 015 |
|
|
|a GB77
|
| 020 |
|
|
|a 0571109632 :
|c £0.50.
|a 0571111610
|
| 082 |
0 |
0 |
|a 370.1
|
| 100 |
1 |
|
|a Warnock, Mary.
|
| 245 |
1 |
0 |
|a Schools of thought /
|c Mary Warnock.
|
| 260 |
|
|
|a London :
|b Faber,
|c 1977.
|
| 300 |
|
|
|a 176 p. ;
|c 23 cm.
|
| 500 |
|
|
|a Includes index.
|
| 650 |
|
0 |
|a Education
|x Aims and objectives.
|
| 650 |
|
0 |
|a Education
|x Philosophy.
|
| 906 |
|
|
|a 7
|b cbc
|c orignew
|d 3
|e ncip
|f 19
|g y-gencatlg
|
| 942 |
|
|
|c BK
|
| 999 |
|
|
|c 182303
|d 182303
|
| 952 |
|
|
|0 0
|1 0
|2 ddc
|4 0
|6 370_100000000000000_WAR_S
|7 0
|9 201596
|a EDU
|b EDU
|c ST1
|d 2010-10-20
|i 3860
|o 370.1 WAR/S
|p EDU3860
|r 2018-08-29
|y BK
|